[Event "Limburg op g/60"]
[Site "Limburg"]
[Date "2007.03.21"]
[Round "6"]
[White "Cleuren, Bertho"]
[Black "Goldstein, Jean"]
[Result "1-0"]
[WhiteElo "1671"]
[BlackElo "1360"]
[PlyCount "71"]
[EventDate "2007.01.11"]
[EventType "swiss"]
[EventRounds "7"]
[EventCountry "BEL"]
[SourceTitle "EXT 2008"]
[Source "ChessBase"]
[SourceDate "2007.11.25"]
[SourceVersion "1"]
[SourceVersionDate "2007.11.25"]
[SourceQuality "1"]

1. e4 c5 2. Nf3 d6 3. Bb5+ Nd7 4. 0-0 a6 5. Be2 e6 6. d4 cxd4 7. Nxd4 Ngf6 8. Nc3 Be7 9. Re1 0-0 10. a4 Nc5 11. Bf1 Qc7 12. Bd2 b6 13. b4 Ncd7 14. b5 Bb7 15. bxa6 Bxa6 16. Bxa6 Rxa6 17. Ncb5 Qc4 18. Qe2 Qxe2 19. Rxe2 Nc5 20. Nc6 Re8 21. Nc7 Rxa4 22. Rxa4 Nxa4 23. Nxe8 Nxe8 24. Nxe7+ Kf8 25. Nc6 Nb2 26. Bb4 f6 27. Re1 Kf7 28. Ra1 g5 29. Ra7+ Kf8 30. Nd8 e5 31. Rxh7 Nc4 32. Ne6+ Kg8 33. Re7 g4 34. Rxe8+ Kf7 35. Nc7 b5 36. Rb8 1-0

[Event "Limburg op g/60"]
[Site "Limburg"]
[Date "2007.03.07"]
[Round "5"]
[White "Vermeulen, Peter"]
[Black "Cleuren, Bertho"]
[Result "1-0"]
[WhiteElo "1734"]
[BlackElo "1671"]
[PlyCount "103"]
[EventDate "2007.01.11"]
[EventType "swiss"]
[EventRounds "7"]
[EventCountry "BEL"]
[SourceTitle "EXT 2008"]
[Source "ChessBase"]
[SourceDate "2007.11.25"]
[SourceVersion "1"]
[SourceVersionDate "2007.11.25"]
[SourceQuality "1"]

1. d4 Nf6 2. e3 g6 3. Nf3 Bg7 4. Bd3 0-0 5. e4 d6 6. c3 Re8 7. 0-0 e5 8. dxe5 dxe5 9. Bg5 h6 10. Bc1 Bg4 11. h3 Bxf3 12. Qxf3 Nbd7 13. Be3 Qe7 14. Bc2 b6 15. Na3 a6 16. Rfd1 b5 17. Bb3 c6 18. Rd2 Nc5 19. Bc2 Rad8 20. Rad1 Rxd2 21. Rxd2 Nfd7 22. Qd1 Nf6 23. f3 Bf8 24. b4 Nb7 25. Nb1 c5 26. a3 c4 27. Bb6 Kg7 28. a4 Qe6 29. a5 Qc8 30. Qe1 g5 31. Re2 Nh5 32. Rd2 Be7 33. Qd1 Nf6 34. g4 Rh8 35. Be3 Rd8 36. Rxd8 Qxd8 37. Qe1 Qd7 38. Nd2 Nd8 39. Nf1 Ne6 40. Ng3 Kg6 41. h4 Nf4 42. h5+ Kh7 43. Bxf4 gxf4 44. Nf5 Bd8 45. Qf2 Ne8 46. Kf1 Ng7 47. Ke2 Nxf5 48. exf5 f6 49. Be4 Be7 50. Qb6 Bxb4 51. cxb4 c3 52. Qb7 1-0

[Event "Limburg op g/60"]
[Site "Limburg"]
[Date "2007.01.11"]
[Round "1"]
[White "Eestermans, Frans"]
[Black "Cleuren, Bertho"]
[Result "1/2-1/2"]
[WhiteElo "1273"]
[BlackElo "1671"]
[PlyCount "52"]
[EventDate "2007.01.11"]
[EventType "swiss"]
[EventRounds "7"]
[EventCountry "BEL"]
[SourceTitle "EXT 2008"]
[Source "ChessBase"]
[SourceDate "2007.11.25"]
[SourceVersion "1"]
[SourceVersionDate "2007.11.25"]
[SourceQuality "1"]

1. d4 Nf6 2. Nf3 g6 3. e3 Bg7 4. Bc4 0-0 5. 0-0 d5 6. Bb3 e6 7. Ne5 Nbd7 8. Nf3 c5 9. c4 dxc4 10. Bxc4 a6 11. a4 Qc7 12. d5 exd5 13. Bxd5 Nb6 14. Bb3 Rd8 15. Qe2 Bf5 16. Rd1 Rxd1+ 17. Qxd1 Rd8 18. Qe1 c4 19. Bd1 Bd3 20. h3 Ne4 21. Nbd2 c3 22. Nxe4 cxb2 23. Bxb2 Bxb2 24. Ra2 Qc1 25. Qd2 Qxd2 26. Nexd2 Bg7 1/2-1/2